| 000 | 00346nam a22001577a 4500 | ||
|---|---|---|---|
| 003 | SGT | ||
| 082 |
_a611 _bG62D |
||
| 100 | _aDVIES, D.V. | ||
| 245 | _aGRAY'S ANATOMY : DESCRIPTIVE & APPLIED | ||
| 250 | _a33RD | ||
| 260 |
_aLONDON _bLONGMANS PUB _c1962 |
||
| 300 | _a243 | ||
| 650 | _aHUMAN ANATOMY | ||
| 653 | _aGRAY'S | ||
| 942 |
_2ddc _cRARE |
||
| 999 |
_c22249 _d22249 |
||